000 00848nam a2200241Ia 4500
003 OSt
005 20221005105120.0
006 a|||||r|||| 00| 0
007 ta
008 221004b |||||||| |||| 00| 0 hin d
024 _a30348
037 _cTextual
040 _aCRL
_cCRL
_bhin
041 _2hin
_ahin
082 _aV2:51'N5, 152N0
100 _aचन्द्र, बिपिन
245 0 _aभारत का स्वतन्त्रता संघर्ष
246 _aBhārat kā svatantratā sangharṣha
260 _aदिल्ली
_bहिन्दी माध्यम कार्यान्वय निदेशालय भारत
_c1990
300 _a541पृ.
_ccm.
942 _hV2:51'N5, 152N0
_cTEXL
_2cc
999 _c1014801
_d1014801